| 000 | 00397cam a2200157 a 4500 | ||
|---|---|---|---|
| 020 | _a0078817528 | ||
| 040 | _cDLC | ||
| 082 | 0 | 0 | _a652 OSB 1991 A048 Or. |
| 100 | 1 | _aJamsa, Kris, | |
| 245 | 1 | 0 | _aSimply WordPerfect / |
| 260 |
_aBerkeley, Calif. : _bOsborne McGraw-Hill, _cc1991. |
||
| 300 |
_a200 p. : _bill. ; _c23 cm. |
||
| 500 | _aIncludes index. | ||
| 650 | 0 | _aWord processing. | |
| 942 | _cEK | ||
| 999 |
_c13830 _d13830 |
||